=LDR 00000nam 2200000 4500 =001 INLIS000000000036428 =005 20130612142221 =008 ***********************************Ind** =035 ##$$0010-061300000036428 =041 ##$$a Ind =082 ##$$a 649.122 =090 ##$$a 649.122, Nad m =100 ##$$a Nadesul, Handrawan =245 ##$$a Membesarkan bayi jadi anak pintar, panduan bagi ibu (tips sehat), Handrawan Nadesul ; editor, Chris Verdiansyah =260 ##$$a 2009 $b Jakarta =300 ##$$a x, 278 hlm, 21 cm =650 ##$$a Bayi perawatan =700 ##$$a Verdiansyah Chris =850 ##$$a NBPNMAT =990 ##$$a 0001/BPAP-NTB/2015 =990 ##$$a 0001/BPAP-NTB/2015 =990 ##$$a 0001/BPAP-NTB/2015 =990 ##$$a 0001/BPAP-NTB/2016